Statistics for Countries that Beat Belgium

Click here to take the quiz!

General Stats

  • This quiz has been taken 117 times
  • The average score is 131 of 195

Answers on the Map

Answers color-coded by a green-red scale on the quiz's map according to % correct below.
 

Answer Stats

Country% Correct
United States
91%
Canada
87%
Mexico
84%
United Kingdom
84%
China
83%
Russia
83%
Brazil
81%
Denmark
81%
Australia
80%
France
80%
Spain
80%
Germany
79%
Sweden
79%
Egypt
77%
India
77%
Chile
76%
Ireland
76%
Italy
76%
Japan
76%
Netherlands
76%
North Korea
76%
South Korea
76%
Argentina
75%
Finland
75%
Norway
75%
South Africa
75%
Iceland
74%
Poland
74%
Portugal
74%
Austria
73%
Kazakhstan
73%
Mongolia
73%
Oman
73%
Peru
73%
Yemen
73%
Greece
72%
Israel
72%
Luxembourg
72%
Madagascar
72%
Pakistan
72%
Panama
72%
Saudi Arabia
72%
Algeria
71%
Bolivia
71%
Iran
71%
Syria
71%
Thailand
71%
Tunisia
71%
Albania
70%
Democratic Republic
of the Congo
70%
Haiti
70%
Indonesia
70%
Morocco
70%
New Zealand
70%
Somalia
70%
Sudan
70%
Switzerland
70%
Turkey
70%
Ukraine
70%
Uruguay
70%
Venezuela
70%
Vietnam
70%
Colombia
69%
Croatia
69%
Cyprus
69%
Iraq
69%
Jordan
69%
Libya
69%
Niger
69%
Paraguay
69%
Republic of the Congo
69%
Afghanistan
68%
Belarus
68%
Bosnia and
Herzegovina
68%
Chad
68%
Cuba
68%
Czech Republic
68%
Ecuador
68%
Georgia
68%
Guinea
68%
Hungary
68%
Nepal
68%
Nigeria
68%
Papua New Guinea
68%
Qatar
68%
Sri Lanka
68%
Taiwan
68%
Belize
67%
Costa Rica
67%
Dominica
67%
Estonia
67%
Honduras
67%
Kosovo
67%
Laos
67%
Lithuania
67%
Malta
67%
Philippines
67%
Romania
67%
Serbia
67%
Slovakia
67%
Slovenia
67%
South Sudan
67%
Vatican City
67%
Andorra
66%
Bangladesh
66%
Bulgaria
66%
Dominican Republic
66%
Eswatini
66%
Ethiopia
66%
Ghana
66%
Guatemala
66%
Lebanon
66%
Lesotho
66%
Malaysia
66%
Mali
66%
Monaco
66%
Montenegro
66%
Suriname
66%
Togo
66%
United Arab Emirates
66%
Armenia
65%
Botswana
65%
Gabon
65%
Guyana
65%
Jamaica
65%
Kenya
65%
Latvia
65%
Liechtenstein
65%
Moldova
65%
Myanmar
65%
Nicaragua
65%
North Macedonia
65%
Singapore
65%
Uzbekistan
65%
Zambia
65%
Azerbaijan
64%
Bahamas
64%
El Salvador
64%
Namibia
64%
Turkmenistan
64%
Uganda
64%
Angola
63%
Bhutan
63%
Burkina Faso
63%
Cambodia
63%
Liberia
63%
Mauritania
63%
Senegal
63%
Tanzania
63%
Zimbabwe
63%
Benin
62%
Brunei
62%
Cameroon
62%
Kyrgyzstan
62%
Malawi
62%
Mozambique
62%
Rwanda
62%
Burundi
61%
Gambia
61%
Palau
61%
Saint Kitts and Nevis
61%
San Marino
61%
Tajikistan
61%
Barbados
60%
Central African Republic
60%
Equatorial Guinea
60%
Kiribati
60%
Marshall Islands
60%
Vanuatu
60%
Comoros
59%
Fiji
59%
Guinea-Bissau
59%
Ivory Coast
59%
Kuwait
59%
Maldives
59%
Saint Lucia
59%
Samoa
59%
Seychelles
59%
Sierra Leone
59%
Tonga
59%
Trinidad and Tobago
59%
Tuvalu
59%
Bahrain
58%
Djibouti
58%
Eritrea
58%
Federated States of
Micronesia
58%
Solomon Islands
58%
Mauritius
57%
Nauru
57%
Saint Vincent and the
Grenadines
57%
São Tomé and Príncipe
57%
Antigua and Barbuda
56%
Cape Verde
56%
East Timor
56%
Grenada
56%

Score Distribution

Percentile by Number Answered

Percent of People with Each Score

Your Score History

You have not taken this quiz